000
00324nam a22001457a 4500
008
221115b ||||| |||| 00| 0 eng d
020
_a
9781416057765
041
_a
eng
080
_2
VOLUME 43
_a
610.73
082
_a
610.73 PRE
100
_a
5
101
_a
INF
245
_a
NURSING CLINICS
_c
PREVOST S
942
_2
udc
_c
BK
999
_c
58899
_d
58899